| 000 | 00452nam a22001337a 4500 | ||
|---|---|---|---|
| 082 |
_a346.016 _bHAI |
||
| 100 | _aHaider, Raja Nadeem | ||
| 245 |
_aThe Manual of Christian Family Laws: _b(Christian Marriage & Divorce) with all amendments & up to date case law / _cRaja Nadeem Haider |
||
| 260 |
_aLahore : _bCapital Law Publishers, _cN.A. |
||
| 300 | _a301 P. | ||
| 563 | _aHB. | ||
| 650 |
_aLaw, christian family Laws _9128037 |
||
| 942 |
_2ddc _cBK |
||
| 999 |
_c613052 _d613052 |
||